Каталог на машините в горското стопанство и дърводобива (Запис номер 387891)
[ съкратено ]
| 000 -Лидер | |
|---|---|
| Контролно поле с фиксирана дължина | nkm a22 a 4500 |
| 003 - Код на организацията, давaща контролен номер | |
| Контролно поле | BLK |
| 005 - Дата и час на последна редакция | |
| Контролно поле | 20200916145251.0 |
| 008 - Елементи от данни с фиксирана дължина | |
| fixed length control field | 200916b bul|||||r ||||||| ||bul|| |
| 040 ## - Източник на каталожния запис | |
| Идентификатор на билиотеката - собственик на записа | BLK |
| 041 ## - Код за език | |
| Код за езика на текст/звукозапис или на отделно заглавие | Български |
| Код за езика КДБФ | Български |
| 080 ## - УДК | |
| Текстов определител УДК | Дървообработваща промишленост. Вж и 630.3 |
| УДК код - определител по УДК | 674 |
| УДК - код + определител | 674 |
| 100 1# - Редна дума - Автор | |
| Автор | Цоневски, Дочо Недялков |
| Авторска отговорност | Първи автор |
| R(LIN) | 406997 |
| 139 ## - Редно поле | |
| Редна дума | Каталог на машините в горското стопанство и дърводобива |
| 245 10 - Сведения за заглавието | |
| Заглавие | Каталог на машините в горското стопанство и дърводобива |
| Редно поле (дума) | Дочо Цоневски и др. |
| 257 ## - Страна на издаване | |
| Страна на създаване/издаване | България |
| 260 ## - Област на издателските данни | |
| Място на издаване, разпространение и проч. | София |
| Име на издателя, разпространителя и проч. | Земиздат |
| Година на издаване | 1965 |
| 300 ## - Физическа характеристика | |
| Страници | 336 с. |
| Илюстрации и др. | с ил., табл., сх. |
| Размери/Мащаб | 21 Х 29 см |
| 380 ## - Жанр | |
| Жанр | Селско стопанство |
| 650 #7 - Допълнително описание по предмет – тема | |
| 9 (RLIN) | 152324 |
| Основно описание – тема или топоним | Горско стопанство - механизация |
| 700 1# - Други автори (авторска отговорност) | |
| Лично име | Стефанов, Стефан |
| Автороска отговорност (Описва отношението между автора и произведението) | съавт. |
| 9 (RLIN) | 124342 |
| 700 ## - Други автори (авторска отговорност) | |
| Лично име | Дарданов, Атанас Иванов |
| Автороска отговорност (Описва отношението между автора и произведението) | съавт. |
| 9 (RLIN) | 425258 |
| 700 ## - Други автори (авторска отговорност) | |
| Лично име | Митев, Генчо |
| Автороска отговорност (Описва отношението между автора и произведението) | съавт. |
| 9 (RLIN) | 433748 |
| 852 ## - Местоположение | |
| Форматна сигнатура | Цб 302981 |
| Фондова буква | Хранилище |
| 856 4# - Електронен адрес и достъп | |
| Електронен формат | pdf - файл |
| Път до файла /url/ | |
| 856 4# - Електронен адрес и достъп | |
| Електронен формат | pdf - файл |
| Път до файла /url/ | |
| 999 ## - СИСТЕМНИ КОНТРОЛНИ НОМЕРА | |
| Koha biblionumber | 387891 |
| Koha biblioitemnumber | 387891 |
| 942 ## - АРТИКУЛИ | |
| Вид на библиотечния материал | Графични издания |
| Скрит в OPAC | Не |
| Периодичен библиозапис | Да |
| 944 ## - СЪЗДАВАНЕ И РЕДАКЦИЯ на ЗАПИСА | |
| Създаване/Редакция | Създаване |
| Код за отписване | Код за изгубен артикул | Източник на класификационната схема | Код за повреда | Коз за рестрикции | Код за отдаване | Артикулен № | Име на библиотеката - собственик | Име на библиотеката, в която се намира в момента | Статус (Текущо местоположение) | Дата на вписване в системата | Местоположение - отдел | Цена в лева | Инвентарен номер | Систематично азбучна сигнатура | Баркод | Цена в евро | Служебен тип на артикула |
|---|---|---|---|---|---|---|---|---|---|---|---|---|---|---|---|---|---|
| Не е изгубен | Universal Decimal Classification | Не е повреден | само за читалня | ползва се в читалня | 800327 | Регионална библиотека "Любен Каравелов" Русе | Регионална библиотека "Любен Каравелов" Русе | Хранилище | 2020-09-23 | Хранилище | 0.70 | 20505/65 | Цб 302981 | 900000021960 | 0.36 | Графични издания |